| 000 | 00376nam a2200145Ia 4500 | ||
|---|---|---|---|
| 008 | 230312s9999||||xx |||||||||||||| ||und|| | ||
| 020 | _a978-9332535022 | ||
| 082 |
_a530.141 _bCHE-F |
||
| 100 | _aCheng;David.K | ||
| 245 | 0 | _aField and Wave Electromagnetics | |
| 260 |
_bPearsons _aIndia _c2015 |
||
| 300 | _a703 | ||
| 650 |
_aEngineering _vElectrical/Mechanical |
||
| 942 | _cBK | ||
| 999 |
_c13894 _d13894 |
||